=LDR 00000nam 2200000 4500 =001 INLIS000000000033864 =005 20130612135809 =008 ***********************************ind** =035 ##$$0010-061300000033864 =041 ##$$a ind =082 ##$$a 746. 44 =090 ##$$a 746. 44, Bus p =100 ##$$a Busra, A.J =245 ##$$a Panduan sualm pita dengan benar dan baik, A.J. Busra, editor, Hari susana =260 ##$$a 2007 $b Jakarta =300 ##$$a 48 hlm, ilus, 21 cm =650 ##$$a Sulaman - Susana, Hari =850 ##$$a NBPNMAT